000 00261nam a22001217a 4500
008 230621b xxu||||| |||| 00| 0 eng d
082 _a328.06
_bIPU
100 _cIPU
245 _aInter-Parliamentary Union
260 _bIPU
300 _a15p
942 _2ddc
_cBK
999 _c2075
_d2075